[Event "World Blitz Women 2025"]
[Site "Doha QAT"]
[Date "2025.12.29"]
[Round "2.36"]
[White "Wang, Chuqiao"]
[Black "Zhapova, Yana"]
[Result "1/2-1/2"]
[WhiteTitle "WIM"]
[BlackTitle "FM"]
[WhiteElo "2235"]
[BlackElo "2260"]
[WhiteFideId "8631638"]
[BlackFideId "24278670"]
[EventDate "2025.12.29"]

1. d4 Nf6 2. c4 e6 3. Nf3 d5 4. Nc3 Bb4 5. Qa4+ Nc6 6. e3 O-O 7. Qc2 Re8 8. Bd2
Bf8 9. a3 e5 10. dxe5 Nxe5 11. Nxe5 Rxe5 12. cxd5 Nxd5 13. O-O-O c6 14. e4 Nxc3
15. Bxc3 Qg5+ 16. Kb1 Rxe4 17. Bd3 Rh4 18. g3 Rh3 19. f4 Qh6 20. Be4 Bg4 21.
Rde1 Qh5 22. Bg2 Bf5 23. Be4 Bxe4 24. Qxe4 Rd8 25. Qg2 Qf5+ 26. Ka1 Rh6 27. Re5
Qg4 28. h3 Qd7 29. f5 Rd6 30. g4 Rd1+ 31. Rxd1 Qxd1+ 32. Ka2 f6 33. Re3 Bc5 34.
Re2 Kf7 35. Qf3 Qd5+ 36. Qxd5+ Rxd5 37. b4 Bb6 38. Kb2 Rd3 39. h4 Bd4 40. Bxd4
Rxd4 41. Rg2 h5 42. g5 Rxh4 43. g6+ Ke7 44. Re2+ Kd7 45. Rd2+ Kc7 46. Re2 Kd7
47. Rd2+ Kc7 48. Re2 Kd7 1/2-1/2

[Event "World Blitz Women 2025"]
[Site "Doha QAT"]
[Date "2025.12.29"]
[Round "2.37"]
[White "Zherebtsova, Alexandra"]
[Black "Mkrtchian, Lilit"]
[Result "1-0"]
[WhiteTitle "FM"]
[BlackTitle "IM"]
[WhiteElo "2307"]
[BlackElo "2366"]
[WhiteFideId "24129518"]
[BlackFideId "13300601"]
[EventDate "2025.12.29"]

1. d4 Nf6 2. Bf4 d5 3. e3 e6 4. Nf3 c5 5. Nbd2 Nc6 6. c3 cxd4 7. exd4 Nh5 8. Be3
Bd6 9. Ne5 Nf6 10. f4 Qb6 11. Qb3 Ng8 12. g3 f6 13. Nd3 Nh6 14. Bg2 O-O 15. Qxb6
axb6 16. a3 Bd7 17. h3 Ne7 18. Nf3 Bb5 19. Kd2 Nhf5 20. Bf2 Bc7 21. Rhe1 Kf7 22.
Nb4 Nd6 23. Ng1 h6 24. b3 g5 25. fxg5 hxg5 26. a4 Bd7 27. Kc2 Rh8 28. Re2 Ndf5
29. g4 Nh4 30. Bxh4 Rxh4 31. Nf3 Rhh8 32. Rf1 Kg7 33. Nd3 Ng6 34. Ref2 Bg3 35.
Re2 Bd6 36. Ref2 Rhf8 37. Re2 Rac8 38. Kb2 Rfe8 39. Rfe1 Nf4 40. Nxf4 Bxf4 41.
Nd2 Kf7 42. Nb1 b5 43. a5 Ra8 44. b4 Rac8 45. Na3 Bc6 46. Nb1 Bg3 47. Rf1 Bf4
48. Nd2 Kg6 49. Nb3 e5 50. dxe5 fxe5 51. Rd1 e4 52. Nd4 Be5 53. Rf1 Rf8 54. Ref2
Bf4 55. Rd1 Be3 56. Re2 Rf2 57. Rxf2 Bxf2 58. Nf5 Kf6 59. Rf1 Ba7 60. Nd6+ Ke5
61. Nxc8 e3 62. Nxa7 1-0

[Event "World Blitz Women 2025"]
[Site "Doha QAT"]
[Date "2025.12.29"]
[Round "2.38"]
[White "Machlik, Monika"]
[Black "Krush, Irina"]
[Result "1-0"]
[BlackTitle "GM"]
[WhiteElo "2084"]
[BlackElo "2402"]
[WhiteFideId "1513621"]
[BlackFideId "2012782"]
[EventDate "2025.12.29"]

1. d4 g6 2. c4 Bg7 3. Nc3 c5 4. d5 Bxc3+ 5. bxc3 e5 6. e4 d6 7. h3 h5 8. Bd3 Nd7
9. Nf3 f6 10. Be3 h4 11. O-O Qe7 12. Rb1 Qg7 13. Nh2 Ne7 14. Qc2 g5 15. Ng4 Ng6
16. f3 Nf4 17. Rb2 Nb6 18. Rfb1 Bd7 19. Qd2 O-O 20. a3 f5 21. Nf2 Nxd3 22. Qxd3
g4 23. fxg4 fxg4 24. hxg4 Bxg4 25. Bh6 Qxh6 26. Nxg4 Qg5 27. Ne3 Rf6 28. Nf5 Rg6
29. Rf1 Rf8 30. Rbf2 Re8 31. Qh3 Nxc4 32. Qd3 Nb6 33. Qb5 Rd8 34. Qe2 Kh7 35.
Qc2 Rdg8 36. Qe2 Qg4 37. Qxg4 Rxg4 38. Ne7 R8g7 1-0

[Event "World Blitz Women 2025"]
[Site "Doha QAT"]
[Date "2025.12.29"]
[Round "2.39"]
[White "Sharma, Isha"]
[Black "Berend, Elvira"]
[Result "0-1"]
[WhiteTitle "WIM"]
[BlackTitle "WGM"]
[WhiteElo "2245"]
[BlackElo "2265"]
[WhiteFideId "35006665"]
[BlackFideId "4000510"]
[EventDate "2025.12.29"]

1. Nf3 Nf6 2. b3 c5 3. Bb2 Nc6 4. e3 a6 5. Be2 d6 6. d4 cxd4 7. Nxd4 e5 8. Nf3
Be7 9. c4 O-O 10. O-O b6 11. Nc3 Bb7 12. Qc2 Rc8 13. Rad1 b5 14. cxb5 axb5 15.
Bxb5 Nb4 16. Qe2 Qa5 17. a3 Nc6 18. b4 Qa7 19. Bc4 e4 20. Nd4 Ne5 21. Bb5 Rfd8
22. Nf5 Bf8 23. Ng3 Qb6 24. a4 Nd3 25. Ncxe4 Nxe4 26. Qxd3 d5 27. a5 Qg6 28. Qd4
h5 29. Nxe4 dxe4 30. Qxd8 Rxd8 31. Rxd8 Qg5 32. Rfd1 Qxb5 33. Bd4 Qxb4 34. Bb6
Ba6 35. Ra8 Bd3 36. Rc1 Qb2 37. Rac8 Kh7 38. h3 Bd6 39. g3 h4 40. gxh4 Qe5 0-1

[Event "World Blitz Women 2025"]
[Site "Doha QAT"]
[Date "2025.12.29"]
[Round "2.40"]
[White "Fawaz, Nadia"]
[Black "Balajayeva, Khanim"]
[Result "0-1"]
[WhiteTitle "WFM"]
[BlackTitle "IM"]
[WhiteElo "1957"]
[BlackElo "2351"]
[WhiteFideId "5309743"]
[BlackFideId "13406396"]
[EventDate "2025.12.29"]

1. e4 e5 2. Nf3 Nc6 3. Bc4 Nf6 4. d3 Bc5 5. c3 d6 6. b4 Bb6 7. a4 a5 8. b5 Ne7
9. h3 Ng6 10. O-O O-O 11. Re1 c6 12. bxc6 bxc6 13. Na3 d5 14. exd5 cxd5 15. Ba2
Re8 16. Nb5 h6 17. Ba3 Bd7 18. Nd6 Re6 19. c4 Bc7 20. Nb5 Bxb5 21. axb5 Nf4 22.
Qc2 N6h5 23. cxd5 Rg6 24. Nxe5 Rxg2+ 25. Kf1 Qh4 26. Re3 Bxe5 27. Rxe5 Qxh3 28.
Ke1 Nxd3+ 29. Kd1 Nxf2+ 30. Kc1 Nd3+ 31. Kb1 Rxc2 32. Kxc2 Nxe5 0-1

[Event "World Blitz Women 2025"]
[Site "Doha QAT"]
[Date "2025.12.29"]
[Round "2.41"]
[White "Berikkyzy Alanna"]
[Black "Badelka, Olga"]
[Result "0-1"]
[WhiteTitle "WFM"]
[BlackTitle "IM"]
[WhiteElo "2241"]
[BlackElo "2395"]
[WhiteFideId "13780719"]
[BlackFideId "13509926"]
[EventDate "2025.12.29"]

1. e4 c5 2. Nf3 Nc6 3. d4 cxd4 4. Nxd4 e5 5. Nb5 d6 6. c4 g6 7. N1c3 a6 8. Na3
Bg7 9. Be3 Be6 10. Be2 Nf6 11. O-O O-O 12. Qd2 Rc8 13. Rac1 Nd4 14. Bxd4 exd4
15. Qxd4 Nd5 16. Qd2 Nxc3 17. bxc3 Qa5 18. Qxd6 Rfd8 19. Qb4 Qg5 20. Rfd1 Bf8
21. Qb2 Bc5 22. Nc2 b6 23. Ne1 Qe5 24. Nd3 Qxe4 25. Nxc5 bxc5 26. Bf3 Qxc4 27.
h3 a5 28. Qa3 Rxd1+ 29. Rxd1 a4 30. Qb2 Qxa2 31. Qb7 Rf8 32. Qc7 Qc4 33. Ra1 h5
34. Qc6 Qxc3 35. Rxa4 c4 36. Qd6 Qc1+ 37. Kh2 c3 38. Ra2 Rc8 39. Ra8 Rxa8 40.
Bxa8 c2 41. Be4 Qd1 42. Qb8+ Kh7 43. Bxc2 Qxc2 44. Qf4 Qc6 45. h4 Qd7 46. Qe3
Kg7 47. Qe5+ Kg8 48. Qb8+ Kg7 49. Qe5+ Kf8 50. Qh8+ Ke7 51. Qe5 f6 52. Qe3 Qd6+
53. g3 Kd7 54. Qa7+ Qc7 55. Qd4+ Ke7 56. Qb4+ Kf7 57. Qd4 Kg7 58. Qd3 Bc8 59. f3
Bb7 60. Kg2 Qe7 61. Qd2 Qe6 62. Kh2 Bxf3 63. Qf2 0-1

[Event "World Blitz Women 2025"]
[Site "Doha QAT"]
[Date "2025.12.29"]
[Round "2.42"]
[White "Dzagnidze, Nana"]
[Black "Miranda Rodriguez, Tania"]
[Result "1-0"]
[WhiteTitle "GM"]
[BlackTitle "WIM"]
[WhiteElo "2469"]
[BlackElo "2051"]
[WhiteFideId "13601903"]
[BlackFideId "3510417"]
[EventDate "2025.12.29"]

1. d4 d5 2. c4 e6 3. Nc3 Nf6 4. cxd5 exd5 5. Bg5 c6 6. e3 h6 7. Bh4 Be7 8. Bd3
O-O 9. Nge2 Ne8 10. Bg3 Nd6 11. O-O a5 12. f3 Re8 13. e4 b5 14. Kh1 Nc4 15. Bxc4
bxc4 16. b3 Ba6 17. Qc2 Bb4 18. Rfd1 Qd7 19. Nf4 Bxc3 20. Qxc3 cxb3 21. axb3 Bb7
22. e5 Qd8 23. Be1 Nd7 24. Rxa5 Rxa5 25. Qxa5 Qg5 26. Nd3 f6 27. Qc7 Bc8 28. Bg3
fxe5 29. Nxe5 Nxe5 30. Bxe5 Qg6 31. Rc1 Bf5 32. Qxc6 Qg5 33. Qxd5+ Kh7 34. Re1
Rd8 35. Qc4 Bg6 36. Qc3 Qe7 37. b4 Qh4 38. h3 Bf5 39. Kh2 Re8 40. Rc1 Bxh3 41.
Bg3 Qh5 42. gxh3 Re2+ 43. Kg1 Qxh3 44. Qd3+ g6 45. Qxe2 Qxg3+ 46. Qg2 Qf4 47.
Re1 Qxd4+ 48. Qf2 Qxb4 49. Qa7+ 1-0

[Event "World Blitz Women 2025"]
[Site "Doha QAT"]
[Date "2025.12.29"]
[Round "2.43"]
[White "Song, Yuxin"]
[Black "Gu, Xiaobing"]
[Result "1-0"]
[WhiteTitle "IM"]
[BlackTitle "WGM"]
[WhiteElo "2454"]
[BlackElo "2106"]
[WhiteFideId "8614300"]
[BlackFideId "8602611"]
[EventDate "2025.12.29"]

1. e4 c5 2. Nf3 d6 3. d4 cxd4 4. Nxd4 Nf6 5. Bb5+ Bd7 6. c4 g6 7. Nc3 Bg7 8. O-O
Nc6 9. Bxc6 Bxc6 10. Nxc6 bxc6 11. c5 d5 12. Qa4 Qd7 13. Rd1 e6 14. Bf4 O-O 15.
Bd6 Rfd8 16. e5 Ne8 17. f4 Qb7 18. Rab1 Nxd6 19. cxd6 Rab8 20. Qd4 Rxd6 21. Na4
Rdd8 22. Nc5 Qb4 23. Qf2 Bf8 24. Nd3 Qb6 25. Rdc1 Rbc8 26. b4 a5 27. Qxb6 1-0

[Event "World Blitz Women 2025"]
[Site "Doha QAT"]
[Date "2025.12.29"]
[Round "2.44"]
[White "Khotenashvili, Bella"]
[Black "Serikbay, Assel"]
[Result "1-0"]
[WhiteTitle "GM"]
[BlackTitle "WIM"]
[WhiteElo "2426"]
[BlackElo "2221"]
[WhiteFideId "13602640"]
[BlackFideId "13706799"]
[EventDate "2025.12.29"]

1. Nf3 d5 2. g3 Nf6 3. Bg2 e6 4. O-O Be7 5. d3 O-O 6. Nbd2 c5 7. e4 Nc6 8. e5
Nd7 9. Re1 Qc7 10. Qe2 b5 11. Nf1 Bb7 12. h4 b4 13. h5 Rae8 14. h6 g6 15. Bf4 f6
16. exf6 Bd6 17. Bxd6 Qxd6 18. a3 e5 19. axb4 cxb4 20. c3 bxc3 21. bxc3 Nxf6 22.
Ng5 Bc8 23. Ne3 Qc5 24. Qa2 Rd8 25. Rac1 Kh8 26. d4 exd4 27. cxd4 Qd6 28. Qb2
Qb4 29. Qa1 Qb6 30. Rc5 Nb4 31. Rb1 Bd7 32. Qa3 Rb8 33. Rbc1 Qa6 34. Qc3 Nd3 35.
Nxd5 Nxc5 36. dxc5 Rbe8 37. c6 Qxc6 38. Qxc6 Bxc6 39. Rxc6 Re1+ 40. Bf1 Nxd5 41.
Rd6 Nc3 42. Rd7 Ne2+ 43. Kg2 Nc3 44. Rxh7+ Kg8 45. Bc4+ Re6 1-0

[Event "World Blitz Women 2025"]
[Site "Doha QAT"]
[Date "2025.12.29"]
[Round "2.45"]
[White "Lyutsinger, Iren"]
[Black "Kulon, Klaudia"]
[Result "1-0"]
[WhiteTitle "FM"]
[BlackTitle "IM"]
[WhiteElo "2169"]
[BlackElo "2335"]
[WhiteFideId "34425969"]
[BlackFideId "1131044"]
[EventDate "2025.12.29"]

1. e4 e5 2. Nf3 Nc6 3. Bb5 a6 4. Ba4 d6 5. O-O Bd7 6. c4 g6 7. Bxc6 Bxc6 8. Nc3
Bg7 9. d4 Ne7 10. dxe5 dxe5 11. Qc2 O-O 12. Bg5 h6 13. Rad1 Qe8 14. Bxe7 Qxe7
15. Nd5 Bxd5 16. Rxd5 c6 17. Rd3 Rfd8 18. Rfd1 Kf8 19. c5 Rxd3 20. Rxd3 Rd8 21.
b4 Ke8 22. Kf1 Rxd3 23. Qxd3 Qe6 24. Nd2 Qxa2 25. Nc4 Bf8 26. g3 Qa1+ 27. Ke2
Be7 28. Kf3 Qd4 29. Qxd4 exd4 30. Na5 Kd7 31. Nxb7 Bf6 32. Ke2 g5 33. f4 gxf4
34. gxf4 Bh4 35. Kd3 Bf2 36. Nd6 f6 37. Nf5 h5 38. Nxd4 Be1 39. Nc2 Bf2 40. e5
fxe5 41. fxe5 Ke6 42. Ke4 Kd7 43. Kf5 a5 44. bxa5 Bxc5 45. Na1 Bd4 46. Nb3 c5
47. Nxd4 cxd4 48. Ke4 Ke6 49. Kxd4 1-0

[Event "World Blitz Women 2025"]
[Site "Doha QAT"]
[Date "2025.12.29"]
[Round "2.46"]
[White "Li, Xueyi"]
[Black "Mammadzada, Gunay"]
[Result "0-1"]
[WhiteTitle "WGM"]
[BlackTitle "IM"]
[WhiteElo "2202"]
[BlackElo "2390"]
[WhiteFideId "8605912"]
[BlackFideId "13403729"]
[EventDate "2025.12.29"]

1. d4 Nf6 2. c4 e6 3. Nf3 d5 4. g3 Be7 5. Bg2 O-O 6. O-O dxc4 7. Qc2 a6 8. a4
Bd7 9. Rd1 Bc6 10. Bg5 Nbd7 11. Nc3 Nd5 12. Bxe7 Qxe7 13. e4 Nxc3 14. bxc3 b5
15. d5 Bb7 16. Nd4 e5 17. Nf5 Qc5 18. Qd2 f6 19. Qe2 Rf7 20. d6 Nf8 21. axb5 a5
22. Qg4 Kh8 23. dxc7 Rxc7 24. Ne3 Qxb5 25. Nd5 Rd7 26. Rab1 Qa6 27. Bh3 Bxd5 28.
exd5 a4 29. Qe2 Rd6 30. Rb4 a3 31. Qa2 Ng6 32. Rxc4 Ne7 33. Bg2 f5 34. Rb4 e4
35. c4 Qa5 36. Rb3 Qc5 37. Rc3 Nxd5 38. Rc2 Nb4 39. Qb3 Rxd1+ 0-1

[Event "World Blitz Women 2025"]
[Site "Doha QAT"]
[Date "2025.12.29"]
[Round "2.47"]
[White "Zhu, Chen"]
[Black "Krasteva, Beloslava"]
[Result "1-0"]
[WhiteTitle "GM"]
[BlackTitle "FM"]
[WhiteElo "2423"]
[BlackElo "2339"]
[WhiteFideId "8600546"]
[BlackFideId "2922029"]
[EventDate "2025.12.29"]

1. c4 d6 2. Nc3 e5 3. g3 g6 4. Bg2 Bg7 5. e4 Ne7 6. Nge2 Nbc6 7. O-O O-O 8. h3
Be6 9. d3 f5 10. f4 Qd7 11. Kh2 Nd4 12. Rb1 c6 13. b3 Rae8 14. Bb2 Nxe2 15. Qxe2
exf4 16. gxf4 fxe4 17. dxe4 c5 18. Nb5 Bh6 19. Qe3 a6 20. Qc3 Kf7 21. Qf6+ Kg8
22. Qh8+ Kf7 23. Qxh7+ 1-0

[Event "World Blitz Women 2025"]
[Site "Doha QAT"]
[Date "2025.12.29"]
[Round "2.48"]
[White "Chen, Yining"]
[Black "Mgeladze, Kesaria"]
[Result "0-1"]
[WhiteTitle "FM"]
[BlackTitle "WIM"]
[WhiteElo "2278"]
[BlackElo "2195"]
[WhiteFideId "8620946"]
[BlackFideId "13621130"]
[EventDate "2025.12.29"]

1. d4 Nf6 2. c4 e6 3. Nf3 b6 4. a3 Bb7 5. Nc3 d5 6. cxd5 Nxd5 7. Qc2 c5 8. dxc5
Bxc5 9. Bg5 Qc8 10. e3 O-O 11. Bd3 h6 12. Bh4 Nd7 13. O-O N7f6 14. Nxd5 Nxd5 15.
Rac1 Nxe3 16. fxe3 Bxe3+ 17. Bf2 Bxc1 18. Qxc1 Qxc1 19. Rxc1 Rac8 20. Re1 Rfd8
21. Bb1 Bxf3 22. gxf3 Rd2 23. b4 Rc3 24. Be3 Rxe3 25. Rxe3 Rd1+ 26. Kg2 Rxb1 27.
Rc3 Ra1 28. Rc8+ Kh7 29. Rc7 Rxa3 30. Rxf7 Kg6 31. Rb7 Kf6 32. h4 Ra4 33. Kg3
Rxb4 34. Rxa7 b5 35. Rb7 Rb1 36. h5 b4 37. Kg2 b3 38. Rb8 Kg5 39. Rb5+ Kf6 40.
Rb7 b2 41. Rb5 e5 42. Rb7 Kf5 43. Rf7+ Ke6 44. Rb7 Kd5 45. Rb8 Kd4 46. Rb7 Ke3
47. Rb3+ Kd2 48. Rb8 Ke2 49. Rb4 Kd3 50. Rb8 Ke3 51. Rb3+ Kf4 52. Rb7 Kf5 53.
Rb6 Kg5 54. Rb5 Kxh5 55. Rxe5+ Kg6 56. Rb5 Kf6 57. Kh2 g5 58. Rb6+ Kf5 59. Kg2
h5 60. Rb5+ Kf4 61. Rb4+ Ke3 62. Rb3+ Kd2 63. Rb5 h4 64. Rb8 h3+ 65. Kh2 Ke2 66.
Rb3 Kf2 0-1

[Event "World Blitz Women 2025"]
[Site "Doha QAT"]
[Date "2025.12.29"]
[Round "2.49"]
[White "Yu, Jennifer"]
[Black "Dimitrijevic, Aleksandra"]
[Result "1/2-1/2"]
[WhiteTitle "FM"]
[BlackTitle "WGM"]
[WhiteElo "2276"]
[BlackElo "2063"]
[WhiteFideId "2078341"]
[BlackFideId "929239"]
[EventDate "2025.12.29"]

1. c4 Nf6 2. Nc3 c5 3. g3 e6 4. Nf3 b6 5. Bg2 Bb7 6. O-O Be7 7. b3 O-O 8. Bb2 a6
9. Qc2 Nc6 10. Rad1 Nd4 11. Nxd4 Bxg2 12. Nxe6 fxe6 13. Kxg2 d5 14. cxd5 exd5
15. d4 Rc8 16. dxc5 bxc5 17. Nxd5 Nxd5 18. Qc4 Kh8 19. Rxd5 Qb6 20. e4 Rce8 21.
f4 Qg6 22. f5 Qh6 23. Qc1 Bg5 24. Qc2 Be7 25. Rfd1 Qc6 26. Qc4 Qh6 27. Qe2 Qc6
28. Qg4 Bf6 29. Bxf6 gxf6 30. Qf3 c4 31. bxc4 Qxc4 32. R5d4 Qxa2+ 33. R1d2 Qb1
34. Rd6 Rxe4 35. Rxa6 Re1 36. Ra7 Rg1+ 37. Kh3 Rf1 38. Qh5 Qxf5+ 39. Qxf5 Rxf5
40. Rdd7 Rh5+ 41. Kg2 Rh6 42. h4 f5 43. Kf3 f4 44. gxf4 Rxh4 45. Kg3 Rh6 46. f5
Rh1 47. Kg4 Rg1+ 48. Kf4 Rf1+ 49. Kg3 Rh1 50. f6 Rh6 51. f7 Kg7 52. Kg4 Rg6+ 53.
Kf5 Rf6+ 54. Kg5 R8xf7 55. Rxf7+ Rxf7 56. Rxf7+ Kxf7 57. Kh6 Kf6 1/2-1/2

[Event "World Blitz Women 2025"]
[Site "Doha QAT"]
[Date "2025.12.29"]
[Round "2.50"]
[White "Kiolbasa, Oliwia"]
[Black "Shubenkova, Veronika"]
[Result "0-1"]
[WhiteTitle "IM"]
[BlackTitle "WFM"]
[WhiteElo "2397"]
[BlackElo "2013"]
[WhiteFideId "1154613"]
[BlackFideId "44124040"]
[EventDate "2025.12.29"]

1. e4 e6 2. d4 d5 3. e5 c5 4. c3 Bd7 5. Nf3 Nc6 6. Be2 Qb6 7. O-O Rc8 8. Na3
cxd4 9. cxd4 a6 10. Nc2 Be7 11. Ne3 f6 12. Re1 f5 13. Bf1 Rc7 14. a3 Na5 15. b4
Nc6 16. Rb1 Nh6 17. Bb2 O-O 18. Qd2 Na7 19. Rbc1 Rfc8 20. Rxc7 Rxc7 21. Rc1 Ba4
22. Ne1 Rxc1 23. Qxc1 Bg5 24. Nd3 Ng4 25. f4 Nxe3 26. Qxe3 Be7 27. h3 Bb5 28. g4
fxg4 29. hxg4 a5 30. bxa5 Qxa5 31. f5 Qb6 32. Bc3 Bc4 33. Bb4 Bxd3 34. Bxd3 Bxb4
35. axb4 Qxb4 36. f6 Nc6 37. fxg7 Qxd4 38. Qxd4 Nxd4 39. Kf2 Nc6 40. Ke3 Nxe5
41. Be2 Kxg7 42. Kd4 Nd7 43. Bd3 h6 44. Bb5 Nf6 45. Ke5 Kf7 46. Be2 Ke7 47. Kf4
Kd6 48. g5 hxg5+ 49. Kxg5 Ne4+ 50. Kf4 Nc3 51. Bd3 e5+ 52. Kf5 e4 53. Bc2 e3 0-1

[Event "World Blitz Women 2025"]
[Site "Doha QAT"]
[Date "2025.12.29"]
[Round "2.51"]
[White "Rodriguez Redondo, Adhara"]
[Black "Toncheva, Nadya"]
[Result "1/2-1/2"]
[WhiteTitle "WFM"]
[BlackTitle "FM"]
[WhiteElo "2207"]
[BlackElo "2362"]
[WhiteFideId "32065698"]
[BlackFideId "2924056"]
[EventDate "2025.12.29"]

1. e4 c5 2. Nf3 Nc6 3. d4 cxd4 4. Nxd4 g6 5. c4 Bg7 6. Be3 Nf6 7. Nc3 O-O 8. Be2
d6 9. O-O Bd7 10. h3 Nxd4 11. Bxd4 Bc6 12. Qc2 a5 13. Rad1 a4 14. c5 Qa5 15.
cxd6 exd6 16. Bxf6 Bxf6 17. Rxd6 Be5 18. Rd3 Rac8 19. f4 Bg7 20. Bf3 Bb5 21. Rd5
Qb6+ 22. Qf2 Qxf2+ 23. Rxf2 Bc4 24. Rd7 a3 25. e5 Be6 26. Rd3 b6 27. bxa3 Rfd8
28. Rfd2 Rxd3 29. Rxd3 Bf8 30. Ne4 Bxa2 31. Nd6 Rc1+ 32. Kh2 Rc2 33. Bd5 Bxd5
34. Rxd5 Rc3 35. Rb5 Rxa3 36. Rxb6 Kg7 37. Rb7 Bxd6 38. exd6 Rd3 39. d7 Kf6 40.
g3 Rd2+ 41. Kg1 h5 42. Kf1 Ke7 43. d8=Q+ Kxd8 44. Rxf7 Rd6 45. Kf2 Ke8 46. Ra7
Kf8 47. Kf3 Rd3+ 48. Kf2 Rb3 49. g4 hxg4 50. hxg4 Kg8 51. Rc7 Kf8 52. g5 Kg8 53.
Rc6 Kf7 54. Rf6+ Kg7 55. Re6 Kf7 56. Re3 Rb1 57. Kf3 Ra1 58. Rb3 Ra4 59. Rb7+
Kf8 60. Rb6 Kf7 61. Kg4 Rc4 62. Rb7+ Kf8 63. Ra7 Rb4 64. Rc7 Ra4 65. Rd7 Rb4 66.
Rd6 Kf7 67. Rf6+ Kg7 68. Re6 Kf7 69. Re3 Ra4 70. Kf3 Rb4 71. Re4 Rb3+ 72. Kg4
Rb1 73. Re3 Rb4 74. Rd3 Ra4 75. Rd5 Rb4 76. Re5 Ra4 77. Kf3 Rb4 78. Re4 Rb1 79.
Kg4 Rg1+ 80. Kf3 Rb1 81. Kg4 Rg1+ 82. Kf3 1/2-1/2

[Event "World Blitz Women 2025"]
[Site "Doha QAT"]
[Date "2025.12.29"]
[Round "2.52"]
[White "Mkrtchyan, Mariam"]
[Black "Khafizova, Diana"]
[Result "0-1"]
[WhiteTitle "WIM"]
[BlackTitle "WFM"]
[WhiteElo "2353"]
[BlackElo "2234"]
[WhiteFideId "13310828"]
[BlackFideId "34378049"]
[EventDate "2025.12.29"]

1. d4 Nf6 2. c4 e6 3. Nf3 d5 4. Nc3 c5 5. e3 Nc6 6. a3 cxd4 7. Nxd4 Bc5 8. Nb3
Bb6 9. cxd5 exd5 10. Be2 O-O 11. O-O Be6 12. Nd4 Nxd4 13. exd4 h6 14. Bf3 Qd6
15. h3 Bc7 16. g3 Bxh3 17. Nb5 Qd7 18. Nxc7 Qxc7 19. Re1 Rac8 20. Bf4 Qd7 21.
Qb3 Be6 22. Rac1 Rc4 23. Rxc4 dxc4 24. Qxb7 Qxd4 25. Be5 Qd2 26. Bc3 Qg5 27.
Qxa7 Nd5 28. Qc5 Rc8 29. Qd4 Nxc3 30. Qxc3 Rd8 31. Qe3 Qb5 32. Qe5 Qb3 33. Qc3
Qxc3 34. bxc3 Rb8 35. a4 Rb3 36. Ra1 Rxc3 37. a5 Rxf3 38. a6 Bd5 39. a7 Rb3 40.
Ra5 Bb7 41. a8=Q+ Bxa8 42. Rxa8+ Kh7 43. Rc8 Rc3 44. Rc6 f6 45. Kg2 Rc1 46. Kf3
c3 47. Ke2 c2 48. Kf3 Kg6 49. Kg4 h5+ 50. Kf3 Kf5 51. Rc5+ Ke6 52. Rc6+ Kd5 53.
Rc8 g5 54. Rd8+ Ke5 55. Re8+ Kf5 56. Rc8 g4+ 57. Kg2 Kg6 58. Rg8+ Kf7 59. Rc8 f5
60. Rc7+ Kf6 61. Rc6+ Ke5 62. Rc5+ Ke4 63. Rc8 h4 64. gxh4 f4 65. Re8+ Kf5 66.
Rf8+ Kg6 67. Rc8 g3 68. fxg3 f3+ 0-1

[Event "World Blitz Women 2025"]
[Site "Doha QAT"]
[Date "2025.12.29"]
[Round "2.53"]
[White "Olde, Margareth"]
[Black "Priyanka, Nutakki"]
[Result "0-1"]
[WhiteTitle "WIM"]
[BlackTitle "WGM"]
[WhiteElo "2214"]
[BlackElo "2292"]
[WhiteFideId "4503082"]
[BlackFideId "25049615"]
[EventDate "2025.12.29"]

1. d4 d5 2. Nf3 Nf6 3. c4 e6 4. g3 dxc4 5. Bg2 Nc6 6. Qa4 Bd7 7. Qxc4 Na5 8. Qc2
Rc8 9. O-O c5 10. Nc3 cxd4 11. Nxd4 Bb4 12. Qd3 Bxc3 13. bxc3 O-O 14. Rb1 b6 15.
Ba3 Re8 16. e4 Nc4 17. Bc1 e5 18. Nb3 Be6 19. Qe2 h6 20. Rd1 Qc7 21. Be3 Nxe3
22. Qxe3 Qxc3 23. Rd3 Qc7 24. Rbd1 Red8 25. Qd2 Rxd3 26. Qxd3 Qc2 27. h3 Qxa2
28. Nc1 Qc2 29. Qd6 Ne8 30. Qd2 Qxd2 0-1

[Event "World Blitz Women 2025"]
[Site "Doha QAT"]
[Date "2025.12.29"]
[Round "2.54"]
[White "Gaboyan, Susanna"]
[Black "Jiang, Tianyu"]
[Result "0-1"]
[WhiteTitle "WIM"]
[WhiteElo "2182"]
[BlackElo "2224"]
[WhiteFideId "13303627"]
[BlackFideId "8627215"]
[EventDate "2025.12.29"]

1. Nf3 Nf6 2. g3 c5 3. Bg2 Nc6 4. O-O e5 5. d3 d5 6. Nbd2 Bd6 7. e4 d4 8. Nc4
Bc7 9. a4 Be6 10. b3 h6 11. h3 a6 12. Ne1 Qd7 13. Kh2 O-O 14. f4 exf4 15. Bxf4
b5 16. axb5 axb5 17. Rxa8 Rxa8 18. Nd2 Ne5 19. Nef3 Ng6 20. e5 Nd5 21. Ng1 Ngxf4
22. gxf4 Ne3 23. Qh5 Nxf1+ 24. Nxf1 Ra2 25. Qd1 c4 26. bxc4 bxc4 27. Ng3 Bd5 28.
Nf3 Qa4 29. Nxd4 Bxg2 30. Kxg2 Bb6 31. Ngf5 Qa8+ 32. Kh2 Bxd4 33. Nxd4 Qd8 34.
dxc4 Qh4 35. Qg4 Qf2+ 36. Qg2 Qxd4 37. c5 Qxc5 38. Kg3 Qc3+ 39. Kh4 Qxc2 40. Qg4
Qg6 41. Qf3 Ra4 42. Qe3 Qf5 43. Kg3 g5 44. fxg5 Qxg5+ 45. Qxg5+ hxg5 0-1

[Event "World Blitz Women 2025"]
[Site "Doha QAT"]
[Date "2025.12.29"]
[Round "2.55"]
[White "Gaal, Zsoka"]
[Black "Nordahl, Christine"]
[Result "1-0"]
[WhiteTitle "IM"]
[WhiteElo "2374"]
[BlackElo "1835"]
[WhiteFideId "777765"]
[BlackFideId "1557939"]
[EventDate "2025.12.29"]

1. d4 Nf6 2. c4 c5 3. d5 e6 4. Nc3 exd5 5. cxd5 d6 6. Nf3 g6 7. Nd2 Bg7 8. e4
O-O 9. Be2 Na6 10. O-O Nc7 11. a4 Re8 12. f3 Rb8 13. Nc4 b6 14. Bf4 Bf8 15. Qd2
a6 16. Rfe1 b5 17. axb5 axb5 18. Na5 Bd7 19. Nc6 Bxc6 20. dxc6 Rb6 21. Bg5 Rxc6
22. Nxb5 Rb6 23. Nxc7 Qxc7 24. Bxf6 d5 25. e5 Qb7 26. Ra2 Rb8 27. Rd1 d4 28. Bc4
Rxb2 29. Rxb2 Qxb2 30. Qxb2 Rxb2 31. e6 Bh6 32. e7 Be3+ 33. Kh1 Rb8 34. Bb5 h5
35. e8=Q+ Rxe8 36. Bxe8 Kf8 37. Bb5 g5 38. Ra1 Kg8 39. Bd3 Bf4 40. Ra8+ Bb8 41.
Rxb8# 1-0

[Event "World Blitz Women 2025"]
[Site "Doha QAT"]
[Date "2025.12.29"]
[Round "2.56"]
[White "Parnali, S Dharia"]
[Black "Aydin, Gulenay"]
[Result "0-1"]
[WhiteTitle "WIM"]
[BlackTitle "WIM"]
[WhiteElo "2150"]
[BlackElo "2259"]
[WhiteFideId "5043131"]
[BlackFideId "34557431"]
[EventDate "2025.12.29"]

1. d4 Nf6 2. c4 g6 3. Nc3 Bg7 4. e4 d6 5. f3 O-O 6. Be3 c5 7. Nge2 cxd4 8. Nxd4
Nc6 9. Nc2 Be6 10. Qd2 Qa5 11. Be2 Rfc8 12. O-O Nd7 13. b4 Nxb4 14. Nd5 Bxd5 15.
exd5 Bxa1 16. Rxa1 Ne5 17. Nxb4 Nxc4 18. Bxc4 Rxc4 19. a3 Rac8 20. h4 Rxh4 21.
Qf2 Rxb4 22. Re1 Qxa3 23. Bd2 Rb2 24. Rxe7 Qd3 25. Re2 Qxd5 26. Qe3 0-1